| 000 | 00407nam a2200133Ia 4500 | ||
|---|---|---|---|
| 005 | 20260328101441.0 | ||
| 008 | 260328s9999||||xx |||||||||||||| ||und|| | ||
| 100 | _aBetts, Paul | ||
| 245 | 4 |
_aThe authority of everyday objects : _b A Cultural History of West German Industrial Design / _cPaul Betts |
|
| 260 | _bUniversity of California Press | ||
| 300 | _a347 p. | ||
| 650 | _aDISEÑO INDUSTRIAL | ||
| 942 | _cBK | ||
| 999 |
_c8289 _d8289 |
||